Alice In Borderland Main Games - Statistics

General Stats
  • This quiz has been taken 146 times
  • The average score is 9 of 14
Answer Stats
Game Type Card Number Game % Correct
Clubs K Osmosis
86%
Spade 5 Tag
84%
Heart 7 Hide and Seek
81%
Clubs 3 Dead or Alive
76%
Heart Q Croquet
75%
Heart 10 Witch Hunt
70%
Diamond K Balance Scale
68%
Heart J Solitary Confinement
64%
Clubs 4 Distance
60%
Diamond 4 Light Bulb
59%
Spade Q Checkmate
57%
Spade K Survival
51%
Spade 7 Boiling Death
47%
Clubs Q Target
35%
No matching quizzes found
Score Distribution
Percent of People with Each Score
Percentile by Number Answered
Your Score History
You have not taken this quiz